000 00763nam a2200205 4500
001 78240
003 BD-RjUL
005 20211209083116.0
008 210825s1968 le ||||| i||| 001 0 ara d
035 _a(BD-RjUL)78466
040 _aBD-RjUL
_beng
_cBD-RjUL
041 _aara
082 _223
_a016.956
_bDAU 1968
100 1 _4داغر، يوسف أسعد، ;; Dagher, Youssef Asaad,
_d(1899-1981
_9247158
245 1 4 _aالأصول العربية للدراسات السودانية;;al'usul alearabiat lildirasat alsuwdania /
_cيوسف أسعد داغر;;Youssef Asaad Dagher
260 _aبيروت :
_bيوسف أسعد داغر،
_c1968 [1388
300 _a262 p. ;
_c23 cm
650 _aMiddle East
_vSocial conditions.
_9247159
_xIndex
942 _2ddc
_cBK
999 _c78240
_d78240